Philosophical foundations of neuroscience

Saved in:
Bibliographic Details
Main Author: Bennett, M. R.
Other Authors: Hackett, P. M. S. (Peter Michael Stephan)
Format: Book
Language:English
Published: Malden, MA : Blackwell Pub., 2003
Subjects:
Tags: Add Tag
No Tags, Be the first to tag this record!

MARC

LEADER 00000nam a2200000 i 4500
001 1/49370
008 070727s2003 eng d
020 |a 1-4051-0838-X (pbk.) 
035 |l 10089167 
040 |a GR-MY-UA  |b gre  |e aacr 
041 0 |a eng 
082 0 |a 612.8201  |2 (22) 
100 0 |a Bennett, M. R. 
245 1 0 |a Philosophical foundations of neuroscience /  |c M.R. Bennett and P.M.S. Hacker 
260 |a Malden, MA :   |b Blackwell Pub.,   |c 2003 
300 |a xvi, 461 σ.;  |c 25 εκ. 
504 |a Περιέχει βιβλιογραφικές παραπομπές και ευρετήριο 
650 0 0 |a Cognitive neuroscience  |x Philosophy. 
700 1 |a Hackett, P. M. S.  |q (Peter Michael Stephan) 
852 |a INST  |b LESVOS  |e 20070727  |h 612.8201 BEN  |p 005100041281  |q 005100041281  |t BK  |y 0 
901 |a BIBL1-2007-2 
909 |a Λ  |b 135775 
922 |a 1ΕΛΗ  |b 100706  |c ΕΠΕΑΕΚ2/ΚΥΒ  |d ΠΑΠΑΣΩΤΗΡΙΟΥ 
970 |a ΚΑΡΑ  |b ΓΙΑΣΕΜΗ  |z 2007/07/27